Gaming Quiz

Random Gaming or Pokémon Quiz

Pokemon Foursomes Quiz Stats

 Plays Quiz not verified by Sporcle

Challenge
Share
Tweet
Embed
Score 0/48 Timer 05:00
0 Plays Today
Hint Answer % Correct
Generation 1 StartersBulbasaur
98.5%
Generation 1 StartersCharmander
98.5%
Generation 1 StartersSquirtle
98.5%
Generation 1 StartersPikachu
98.5%
Regi FoursomeRegirock
96.6%
Pokeballs that have been in every gamePoke Ball
96.6%
Regi FoursomeRegice
96.2%
Regi FoursomeRegisteel
96.2%
Pokeballs that have been in every gameMaster Ball
96.2%
Types of PotionsSuper Potion
95%
Pokeballs that have been in every gameUltra Ball
94.3%
Types of PotionsPotion
93.9%
Pokeballs that have been in every gameGreat Ball
93.5%
Types of PotionsHyper Potion
92%
Regi FoursomeRegigigas
90.8%
Pokemon Vending Machine DrinksLemonade
87.4%
Types of PotionsMax Potion
85.8%
Weather AttacksRain Dance
83.9%
Weather AttacksSunny Day
83.5%
Pokemon that evolve at 55 or higherDragonair (55)
83.1%
Weather AttacksHail
81.6%
Weather AttacksSandstorm
80.1%
Pokemon Vending Machine DrinksFresh Water
79.3%
Cities with Game CornersCeladon
73.6%
Hint Answer % Correct
Sacred Sword FoursomeTerrakion
73.2%
Pokemon Vending Machine DrinksSoda Pop
72%
Pokemon that start with 'I'Igglybuff
71.6%
Sacred Sword FoursomeCobalion
71.3%
Sacred Sword FoursomeVirizion
70.9%
Pokemon that become Dragon Type when they EvolveSeadra
70.5%
Sacred Sword FoursomeKeldeo
70.1%
Pokemon that become Dragon Type when they EvolveSwablu
68.2%
Pokemon that start with 'I'Ivysaur
65.5%
Pokemon that evolve at 55 or higherPupitar (55)
63.6%
Cities with Game CornersGoldenrod
61.7%
Pokemon that evolve at 55 or higherZweilous (64)
60.9%
Abilities that boost power in a pinch for a specific typeBlaze
55.6%
Abilities that boost power in a pinch for a specific typeOvergrow
55.2%
Abilities that boost power in a pinch for a specific typeTorrent
54%
Pokemon that become Dragon Type when they EvolveTrapinch
48.7%
Pokemon that evolve at 55 or higherLarvesta (59)
46%
Pokemon that start with 'I'Illumise
44.8%
Cities with Game CornersMauville
41.8%
Abilities that boost power in a pinch for a specific typeSwarm
39.1%
Pokemon that start with 'I'Infernape
31.4%
Cities with Game CornersVeilstone
30.3%
Pokemon that become Dragon Type when they EvolveSkrelp
29.5%
Pokemon Vending Machine DrinksMoomoo Milk
26.4%

You're not logged in!

Compare scores with friends on all Sporcle quizzes.
Join for Free
OR
Log In

You Might Also Like...

Show Comments

Extras

Created Sep 9, 2013ReportNominate
Tags:Pokémon Quiz, four, foursome, group

Top Quizzes Today


Score Distribution

Your Account Isn't Verified!

In order to create a playlist on Sporcle, you need to verify the email address you used during registration. Go to your Sporcle Settings to finish the process.

Report this User

Report this user for behavior that violates our Community Guidelines.

Details: